000 00295nam a22001337a 4500
008 170601b xxu||||| |||| 00| 0 eng d
020 _a9780844741383
041 _aeng
080 _a93
100 _a17
101 _aSHH
245 _aTHE FIRST MEASURED CENTURY
_cCAPLOW, TH
942 _2udc
_cBK
999 _c15371
_d15371